Developing games in Java / (Record no. 17896)
[ view plain ]
| 000 -LEADER | |
|---|---|
| fixed length control field | 01144cam a2200337 i 4500 |
| 001 - CONTROL NUMBER | |
| control field | 13392103 |
| 003 - CONTROL NUMBER IDENTIFIER | |
| control field | EG-ScBUE |
| 005 - DATE AND TIME OF LATEST TRANSACTION | |
| control field | 20230319123539.0 |
| 008 - FIXED-LENGTH DATA ELEMENTS--GENERAL INFORMATION | |
| fixed length control field | 031103t2004 caua f 001 0 eng d |
| 020 ## - INTERNATIONAL STANDARD BOOK NUMBER | |
| International Standard Book Number | 1592730051 |
| 020 ## - INTERNATIONAL STANDARD BOOK NUMBER | |
| International Standard Book Number | 9781592730056 |
| 040 ## - CATALOGING SOURCE | |
| Original cataloging agency | DLC |
| Language of cataloging | eng |
| Description conventions | rda |
| Transcribing agency | DLC |
| Modifying agency | DLC |
| -- | EG-ScBUE |
| 082 04 - DEWEY DECIMAL CLASSIFICATION NUMBER | |
| Classification number | 794.81711 |
| Edition number | 22 |
| Item number | BRA |
| 100 1# - MAIN ENTRY--PERSONAL NAME | |
| Personal name | Brackeen, David, |
| Relator term | author. |
| 9 (RLIN) | 34765 |
| 245 10 - TITLE STATEMENT | |
| Title | Developing games in Java / |
| Statement of responsibility, etc | David Brackeen with Bret Barker and Laurence Vanhelsuwe. |
| 264 #1 - PUBLICATION, DISTRIBUTION, ETC. (IMPRINT) | |
| Place of publication, distribution, etc | Berkeley, California : |
| Name of publisher, distributor, etc | New Riders, |
| Date of publication, distribution, etc | [2004] |
| 264 #4 - PUBLICATION, DISTRIBUTION, ETC. (IMPRINT) | |
| Date of publication, distribution, etc | c2004 |
| 300 ## - PHYSICAL DESCRIPTION | |
| Extent | xxxii, 972 pages : |
| Other physical details | illustrations ; |
| Dimensions | 23 cm |
| 336 ## - CONTENT TYPE | |
| Source | rdacontent |
| Content type term | text |
| Content type code | txt |
| 337 ## - MEDIA TYPE | |
| Source | rdamedia |
| Media type term | unmediated |
| Media type code | n |
| 338 ## - CARRIER TYPE | |
| Source | rdacarrier |
| Carrier type term | volume |
| Carrier type code | nc |
| 500 ## - GENERAL NOTE | |
| General note | Includes index.<br/> |
| 546 ## - LANGUAGE NOTE | |
| Language note | Text in English ; summary in English. |
| 650 #7 - SUBJECT ADDED ENTRY--TOPICAL TERM | |
| Topical term or geographic name as entry element | Computer games |
| General subdivision | Programming. |
| Source of heading or term | BUEsh |
| 9 (RLIN) | 12480 |
| 650 #7 - SUBJECT ADDED ENTRY--TOPICAL TERM | |
| Topical term or geographic name as entry element | Java (Computer program language) |
| Source of heading or term | BUEsh |
| 9 (RLIN) | 3407 |
| 653 ## - INDEX TERM--UNCONTROLLED | |
| Arrived date list | January2014 |
| Resource For college | Informatics and Computer Science |
| 655 ## - INDEX TERM--GENRE/FORM | |
| Form subdivision | Reading book |
| 700 1# - ADDED ENTRY--PERSONAL NAME | |
| Personal name | Barker, Bret, |
| Relator term | author. |
| 9 (RLIN) | 34766 |
| 700 1# - ADDED ENTRY--PERSONAL NAME | |
| Personal name | Vanhelsuwe, Laurence, |
| Relator term | author. |
| 9 (RLIN) | 34767 |
| 942 ## - ADDED ENTRY ELEMENTS (KOHA) | |
| Source of classification or shelving scheme | Dewey Decimal Classification |
| Koha item type | Book - Borrowing |
| Call number prefix | 794.81711 BRA |
| Withdrawn status | Lost status | Source of classification or shelving scheme | Damaged status | Not for loan | Collection code | Home library | Current library | Shelving location | Date acquired | Source of acquisition | Total Checkouts | Total Renewals | Full call number | Barcode | Date last seen | Date checked out | Price effective from | Koha item type |
|---|---|---|---|---|---|---|---|---|---|---|---|---|---|---|---|---|---|---|
| Dewey Decimal Classification | Baccah | Central Library | Central Library | Second Floor | 05/01/2014 | Purchase | 1 | 2 | 794.81711 BRA | 000035285 | 15/07/2025 | 18/12/2014 | 05/01/2014 | Book - Borrowing | ||||
| Dewey Decimal Classification | Baccah | Central Library | Central Library | Second Floor | 05/01/2014 | Purchase | 794.81711 BRA | 000035286 | 15/07/2025 | 05/01/2014 | Book - Borrowing |